Name the Demon Slayer Breathing Styles - Statistics

General Stats
  • This quiz has been taken 279 times
  • The average score is 13 of 14
Answer Stats
Picture Answer % Correct
Water
99%
Love
97%
Wind
95%
Beast
93%
Flame
93%
Moon
92%
Sound
92%
Insect
91%
Mist
91%
Thunder
91%
Sun
90%
Serpent
86%
Stone
86%
Flower
84%
No matching quizzes found
Score Distribution
Percent of People with Each Score
Percentile by Number Answered
Your Score History
You have not taken this quiz